| 000 | 00972nam a2200265Ia 4500 | ||
|---|---|---|---|
| 003 | OSt | ||
| 005 | 20220926012339.0 | ||
| 006 | a|||||r|||| 00| 0 | ||
| 007 | ta | ||
| 008 | 220923b |||||||| |||| 00| 0 eng d | ||
| 020 |
_a0521524113 _c3300.00 |
||
| 037 |
_b2794, 29/03/2005, TBS _cGeneral Book |
||
| 040 |
_aRTL _cRTL _beng |
||
| 041 |
_2eng _aeng |
||
| 082 | _aX:(B), P3.1- P3.3 | ||
| 100 |
_aDewatripont Mathias _9245150 |
||
| 110 |
_aWorld Congress Of The Econometrics Society (8th) (Seattle) 2000) _9316236 |
||
| 245 | 0 |
_aAdvances in economics and econometrics _b Theory an |
|
| 260 |
_aNew York _bCambridge University Press USA _c2003 |
||
| 490 |
_vV1 _aEconometrics Society Monograph , 35,36,37 |
||
| 650 | _aEconometrics | ||
| 700 |
_aWorld Congress Of The Econometrics Society (8th) (Seattle) 2000) _9316237 |
||
| 942 |
_hX:(B), P3.1- P3.3 _cGB _2CC |
||
| 999 |
_c622612 _d622612 |
||